| 000 | 00425nam a22001697a 4500 | ||
|---|---|---|---|
| 003 | NUST-PNEC | ||
| 005 | 20170116180743.0 | ||
| 008 | 150113b xxu||||| |||| 00| 0 eng d | ||
| 040 | _cPNEC | ||
| 082 | _a153.1 LOR | ||
| 100 |
_91206 _aLorayne, Harry |
||
| 245 |
_aSecrets of mind power _cHarry Lorayne |
||
| 260 |
_aNew Delhi : _bPustak Mahal _cc1997. |
||
| 300 |
_a184 p. : _c22 cm. |
||
| 650 | _xGeneral | ||
| 942 |
_2ddc _cBK |
||
| 999 |
_c62290 _d62290 |
||